| 000 | 00572nam a2200181Ia 4500 | ||
|---|---|---|---|
| 003 | GCL | ||
| 008 | 140319s9999 xx 000 0 ara d | ||
| 040 |
_aGCL / _cGCL |
||
| 082 | 0 | 4 |
_a243 _bم ا |
| 100 | 1 | _aمحمد عبدالملك الزغبى | |
| 245 | 1 | 0 |
_aاهوال القبور / _cمحمد عبدالملك الزغبى |
| 260 |
_a[S.N] : _bمكتبة الايمان للطبع والنشر والتوزيع |
||
| 490 | _a | ||
| 650 | 0 | 4 | _aالدين الاسلامى |
| 650 | 0 | 4 | _aالفقه الاسلامى |
| 650 | 0 | 4 | _aالعقوبات |
| 942 |
_2ddc _cBK |
||
| 999 |
_c53436 _d53436 |
||